000 00766nam a2200253Ia 4500
003 OSt
005 20220923222802.0
006 a|||||r|||| 00| 0
007 ta
008 220922b |||||||| |||| 00| 0 hin d
024 _a207,863
037 _cTextual
040 _aARTS
_cARTS
_bhin
041 _2hin
_ahin
082 _aO152,3N34,AK, L5
100 _aपुरी, ऊषा
245 0 _aअंधेरे की परतें
246 _aAandhere kī paratean
260 _aदिल्ली
_b संजीव प्रका0
_c1975
300 _a89पृ.
_ccm.
650 _aहिन्दी साहित्य
_9156264
942 _hO152,3N34,AK, L5
_cTEXL
_2CC
999 _c358480
_d358480